000
00326 a2200157 4500
001
53458
020
_a
040
_c
Anchieta - Pituba
100
_a
Joel
240
1
0
_a
2ª História, I unidade
_l
por
245
1
0
_a
2ª História, I unidade
300
_a
4
362
0
_a
2016
650
4
_a
História do mundo
942
_c
BK
999
_c
53458
_d
53458